| 000 | 00525nam a2200181 4500 | ||
|---|---|---|---|
| 003 | SEACOMMC | ||
| 005 | 20250506114706.0 | ||
| 008 | 250227b |||||||| |||| 00| 0 eng d | ||
| 020 |
_a978-0-07-062003-2 _cRs.425.00 |
||
| 040 | _aSEACOMMC | ||
| 082 |
_a658.4038 _bO 12 |
||
| 100 | _aO'Brien, James A | ||
| 245 | 1 |
_aManagement Information System / _cJames A. O'Brien[and] George M. Markas |
|
| 250 | _a7th ed. | ||
| 260 |
_a New Delhi _bTata McGraw Hill _c c2007 |
||
| 650 | _a Information Management System | ||
| 942 | _cBOOK | ||
| 999 |
_c1110 _d1110 |
||